Online
Catalog

Historia breve de México / (Record no. 1633)

MARC details
000 -CABECERA
campo de control de longitud fija 00835nam a2200229 a 4500
001 - NÚMERO DE CONTROL
campo de control 000001756
005 - FECHA Y HORA DE LA ÚLTIMA TRANSACCIÓN
campo de control 20200929145704.0
008 - DATOS DE LONGITUD FIJA--INFORMACIÓN GENERAL
campo de control de longitud fija 090626s2002 sp ab 000 0 spa d
020 ## - NÚMERO INTERNACIONAL ESTÁNDAR DEL LIBRO
Número Internacional Estándar del Libro 9788477371137
040 ## - FUENTE DE LA CATALOGACIÓN
Centro catalogador/agencia de origen DO-SdBNP
Lengua de catalogación spa
Centro/agencia transcriptor BNPHU
082 ## - NÚMERO DE LA CLASIFICACIÓN DECIMAL DEWEY
Número de clasificación 972
Número de documento/Ítem P944h
100 1# - ENTRADA PRINCIPAL--NOMBRE DE PERSONA
Nombre de persona Pérez López-Portillo, Raúl,
Fechas asociadas al nombre 1947-
9 (RLIN) 5708
245 10 - MENCIÓN DE TÍTULO
Título Historia breve de México /
Mención de responsabilidad, etc. Pérez López-Portillo, Raúl ; coordinación editorial Ángela Gutiérrez, Ramiro Domínguez ; corrección Olivia Pérez.
260 ## - PUBLICACIÓN, DISTRIBUCIÓN, ETC.
Lugar de publicación, distribución, etc. Madrid :
Nombre del editor, distribuidor, etc. Sílex,
Fecha de publicación, distribución, etc. 2002.
300 ## - DESCRIPCIÓN FÍSICA
Extensión 320 p. :
Otras características físicas il. , map. ;
Dimensiones 24 cm.
504 ## - NOTA DE BIBLIOGRAFÍA, ETC.
Nota de bibliografía, etc. Bibliografía : p. 313-320
651 #4 - PUNTO DE ACCESO ADICIONAL DE MATERIA--NOMBRE GEOGRÁFICO
Nombre geográfico México
Subdivisión general Civilización
9 (RLIN) 5709
651 #4 - PUNTO DE ACCESO ADICIONAL DE MATERIA--NOMBRE GEOGRÁFICO
Nombre geográfico México
Subdivisión general Historia
9 (RLIN) 5710
700 1# - PUNTO DE ACCESO ADICIONAL--NOMBRE DE PERSONA
Nombre de persona Gutiérrez, Ángela,
Término indicativo de función/relación ed.
9 (RLIN) 2119
700 1# - PUNTO DE ACCESO ADICIONAL--NOMBRE DE PERSONA
Nombre de persona Domínguez, Ramiro,
Término indicativo de función/relación ed.
9 (RLIN) 5711
700 1# - PUNTO DE ACCESO ADICIONAL--NOMBRE DE PERSONA
Nombre de persona Pérez, Olivia,
Término indicativo de función/relación corr.
9 (RLIN) 2121
Holdings
Estado de retiro Estado de pérdida Restricciones de uso No para préstamo Código de colección Localización permanente Ubicación/localización actual Ubicación en estantería Fecha de adquisición Número de inventario Total de préstamos Signatura topográfica completa Código de barras Fecha visto por última vez Precio válido a partir de Tipo de ítem Koha
        Monografías: Libros y Folletos General General En catalogación 26.06.2009 LF1   972 P944h 1756-10 25.06.2020 25.06.2020 Préstamo en sala
        Monografías: Libros y Folletos General General Orden iniciada 05.10.2010 LF1   972 P944h 1756-20 25.06.2020 25.06.2020 No se presta

Powered by Koha